Compressive engineering mathematics / (Record no. 10583)
[ view plain ]
| 000 -LEADER | |
|---|---|
| fixed length control field | 00554cam a2200217ua 4500 |
| 020 ## - INTERNATIONAL STANDARD BOOK NUMBER | |
| ISBN | 81-7008-055-X |
| 041 ## - LANGUAGE CODE | |
| Language code of text/sound track or separate title | eng |
| 082 ## - DEWEY DECIMAL CLASSIFICATION NUMBER | |
| Classification number | 510.2462 |
| Item number | BAL/CO |
| 100 ## - MAIN ENTRY--AUTHOR NAME | |
| Personal name | Bali, N P . |
| 245 ## - TITLE STATEMENT | |
| Title | Compressive engineering mathematics / |
| 250 ## - EDITION STATEMENT | |
| Edition statement | 4 / |
| 260 ## - PUBLICATION, DISTRIBUTION, ETC. (IMPRINT) | |
| Place of publication | New Delhi : |
| Name of publisher | Laxmi Publications , |
| Year of publication | 1996. |
| 300 ## - PHYSICAL DESCRIPTION | |
| Number of Pages | 1019 : |
| Other physical details | 506 ; . |
| 500 ## - GENERAL NOTE | |
| General note | 19194 CSS |
| 942 ## - ADDED ENTRY ELEMENTS (KOHA) | |
| Koha item type | Books |
| Withdrawn status | Lost status | Damaged status | Home library | Current library | Date acquired | Full call number | Accession Number | Koha item type | Shelving location |
|---|---|---|---|---|---|---|---|---|---|
| Withdrawn | KAUAET | KAUAET | 07/04/2012 | 510.2462 | 19194 | Books | |||
| Withdrawn | Damaged | KAUAET | KAUAET | 07/04/2012 | 510.2462 | 19193 | Books | ||
| KAUAET | KAUAET | 07/04/2012 | 510.2462 | 19192 | Book Bank scheme for SC students | Scheme |
